Tutti gli Stati che hanno controllato Düsseldorf - Statistics

Statistiche generali
  • Questo quiz è stato fatto 7 volte
  • Il punteggio medio è 14 su 24
Statistiche sulle risposte
con Immagini Hint Risposta % Corretto
1945 Alleati (USA, UK)
100%
1945 - 1949 Occupazione Alleata (UK)
100%
1990 - Oggi Repubblica Federale Tedesca
100%
1949 - 1990 Repubblica Federale Tedesca (Germania Ovest)
100%
1135 - 1757 / 1758 - 1795 / 1801 - 1806 Sacro Romano Impero
100%
1933 - 1945 Terzo Reich
100%
1871 - 1918 Impero Tedesco
80%
1815 - 1871 Regno di Prussia
80%
1918 - 1933 Repubblica di Weimar
80%
1813 - 1815 Sesta Coalizione (Austria, UK, Spagna, Russia, Prussia, Svezia)
80%
1815 - 1848 Confederazione Germanica
60%
1867 - 1871 Confederazione Tedesca del Nord
60%
1795 - 1801 Prima Repubblica Francese
60%
1757 Regno di Francia e di Navarra
60%
1806 - 1813 Confederazione del Reno
40%
(1777 - 1795) Ducato Elettorale di Baviera
40%
(1801 - 1806) Ducato Elettorale di Baviera
40%
(1250 - 1380) Contea di Berg
20%
(1521 - 1614) Ducati Uniti di Jülich-Kleve-Berg
20%
(1614 - 1757) Ducato del Palatinato-Neuburg
20%
(1380 - 1521) Ducato di Berg
20%
(1758) Elettorato di Hannover
20%
1806 - 1813 Granducato di Berg
20%
(1758 - 1777) Principato Elettorale del Palatinato
20%
Nessun quiz corrispondente trovato
Distribuzione punteggi
Percentuale di utenti per punteggio
Percentile per numero di risposta
I tuoi punteggi nel tempo
Non hai fatto questo quiz